The ABC of news anchoring : (Record no. 173236)

000 -LEADER
fixed length control field 01259cam a2200337 i 4500
001 - CONTROL NUMBER
control field 17570142
003 - CONTROL NUMBER IDENTIFIER
control field Nust
005 - DATE AND TIME OF LATEST TRANSACTION
control field 20180117090020.0
008 - FIXED-LENGTH DATA ELEMENTS--GENERAL INFORMATION
fixed length control field 120620s2012 ii a 000 0 eng
010 ## - LIBRARY OF CONGRESS CONTROL NUMBER
LC control number 2012353828
020 ## - INTERNATIONAL STANDARD BOOK NUMBER
International Standard Book Number 9788131773413
025 ## - OVERSEAS ACQUISITION NUMBER
Overseas acquisition number I-E-2012-353828; 92-91
035 ## - SYSTEM CONTROL NUMBER
System control number (IN-NdUBS) 2012353828
037 ## - SOURCE OF ACQUISITION
Source of stock number/acquisition Library of Congress -- New Delhi Overseas Office
040 ## - CATALOGING SOURCE
Original cataloging agency DLC
Language of cataloging eng
Description conventions rda
Transcribing agency DLC
Modifying agency DLC
042 ## - AUTHENTICATION CODE
Authentication code lcode
-- pcc
050 00 - LIBRARY OF CONGRESS CALL NUMBER
Classification number PN4784.T4
Item number K35 2012
082 ## - DEWEY DECIMAL CLASSIFICATION NUMBER
Classification number 791.44028
100 1# - MAIN ENTRY--PERSONAL NAME
Personal name Kalra, Richa Jain,
Relator term author.
245 14 - TITLE STATEMENT
Title The ABC of news anchoring :
Remainder of title a guide for aspiring anchors /
Statement of responsibility, etc. Richa Jain Kalra ; foreword by Prannoy Roy.
264 #1 - PRODUCTION, PUBLICATION, DISTRIBUTION, MANUFACTURE, AND COPYRIGHT NOTICE
Place of production, publication, distribution, manufacture New Delhi :
Name of producer, publisher, distributor, manufacturer Pearson Education,
Date of production, publication, distribution, manufacture, or copyright notice 2012.
300 ## - PHYSICAL DESCRIPTION
Extent xii, 130 pages :
Other physical details illustrations (chiefly color) ;
Dimensions 20 cm
336 ## - CONTENT TYPE
Content type term text
Content type code txt
Source r dacontent
337 ## - MEDIA TYPE
Media type term unmediated
Media type code n
Source rdamedia
338 ## - CARRIER TYPE
Carrier type term volume
Carrier type code nc
Source rdacarrier
650 #0 - SUBJECT ADDED ENTRY--TOPICAL TERM
Topical term or geographic name entry element Television broadcasting of news.
906 ## - LOCAL DATA ELEMENT F, LDF (RLIN)
a 7
b cbc
c origode
d 3
e ncip
f 20
g y-gencatlg
942 ## - ADDED ENTRY ELEMENTS (KOHA)
Source of classification or shelving scheme
Koha item type Book
Holdings
Withdrawn status Lost status Source of classification or shelving scheme Damaged status Not for loan Collection code Permanent Location Current Location Shelving location Date acquired Total Checkouts Full call number Barcode Date last seen Price effective from Koha item type
            Central Library (CL) Central Library (CL) General Stacks 01/20/2017   791.44028 KAL S3H-S-451 01/20/2017 01/20/2017 Book
© 2023 Central Library, National University of Sciences and Technology. All Rights Reserved.